[Event "SVK-chT4 A22 1516"]
[Site "Slovakia"]
[Date "2016.04.03"]
[Round "11.6"]
[White "Sooky, Ladislav"]
[Black "Jancik, Ondrej"]
[Result "1/2-1/2"]
[WhiteElo "1520"]
[BlackElo "1664"]
[PlyCount "42"]
[EventDate "2015.10.04"]
[EventType "team-tourn"]
[EventRounds "11"]
[EventCountry "SVK"]
[SourceTitle "EXT 2020"]
[Source "ChessBase"]
[SourceDate "2019.10.17"]
[SourceVersion "1"]
[SourceVersionDate "2019.10.17"]
[SourceQuality "1"]

1. d4 d5 2. c4 Nf6 3. Nc3 g6 4. e3 Bg7 5. Nf3 0-0 6. cxd5 Nxd5 7. Bd2 c6 8. a3 Nd7 9. Bd3 N7f6 10. h3 Re8 11. 0-0 Qc7 12. Rc1 Qb6 13. Qc2 Nd7 14. Bc4 e6 15. Bd3 Qd8 16. b4 Nxc3 17. Bxc3 e5 18. Rfd1 Qe7 19. dxe5 Nxe5 20. Nxe5 Bxe5 21. Bxe5 Qxe5 1/2-1/2

[Event "SVK-chT4 A22 1516"]
[Site "Slovakia"]
[Date "2015.10.04"]
[Round "1.1"]
[White "Szabo, Julius1111"]
[Black "Sooky, Ladislav"]
[Result "1-0"]
[WhiteElo "1681"]
[BlackElo "1520"]
[PlyCount "73"]
[EventDate "2015.10.04"]
[EventType "team-tourn"]
[EventRounds "11"]
[EventCountry "SVK"]
[SourceTitle "EXT 2020"]
[Source "ChessBase"]
[SourceDate "2019.10.17"]
[SourceVersion "1"]
[SourceVersionDate "2019.10.17"]
[SourceQuality "1"]

1. e4 c5 2. Nc3 d6 3. d3 a6 4. h3 b5 5. Nf3 Bb7 6. Bf4 e6 7. Be2 Nf6 8. 0-0 Be7 9. Re1 0-0 10. e5 dxe5 11. Nxe5 Nc6 12. Bf3 Rc8 13. Qd2 Nd5 14. Nxd5 exd5 15. Bg4 f5 16. Bf3 Nxe5 17. Bxe5 Bf6 18. c4 Qd7 19. Rad1 d4 20. Bxb7 Qxb7 21. b3 Rce8 22. Bxf6 Rxe1+ 23. Qxe1 Rxf6 24. Qe8+ Rf8 25. Qe6+ Rf7 26. Re1 g6 27. Re5 Qa7 28. Qc8+ Kg7 29. Rxc5 Qe7 30. Kf1 Qd6 31. Kg1 Re7 32. g3 Re1+ 33. Kg2 Re2 34. Rc7+ Kh6 35. Rc6 Qa3 36. Rxa6 Qb2 37. Qxf5 1-0